00583 2200217 4500001002100000005001700021008004100038035002400079082001100103090001600114100001500130245005700145250001100202260004000213300002500253650003600278850001500314980001500329985000600344999001500350YOGYA-0209000003208020090227024641.0 ind  0010-020900000032080 a321.84 a321.84bBag aNAGY, Imre aOn Communism in defense of the new coursecImre Nagy aCet. 1 aNew YorkbFrederick A praegerc1957 axLiv, 306 hlmc21 cm aSistem pemerintahan - Komunisme aYOPDYOG(B) a02-19-2007 a1 ab000012120